| 000 | 00883cam a2200265 a 4500 | ||
|---|---|---|---|
| 001 | 13706924 | ||
| 003 | SISC | ||
| 005 | 20160727161351.0 | ||
| 008 | 040831s2004 nyua d 000 0 eng | ||
| 010 | _a 2004557816 | ||
| 020 | _a0717246922 | ||
| 040 |
_aDLC _cDLC _dDLC |
||
| 050 | 0 | 0 |
_aPE 1628 _b.N457 2004 |
| 082 | 0 | 0 | _a423 |
| 245 | 0 | 4 | _aThe new Webster's dictionary of the English language. |
| 246 | 3 | 0 | _aWebster's dictionary of the English language |
| 250 | _aInternational edition. | ||
| 260 |
_aNew York : _bLexicon International/Publishers Guild Group, _c2004. |
||
| 300 |
_a1 v. (various pagings) : _billustrations ; _c28 cm. |
||
| 650 | 0 |
_aEnglish language _vDictionaries. |
|
| 710 | 2 | _aLexicon Publications (Firm) | |
| 906 |
_a7 _bcbc _corignew _d2 _encip _f20 _gy-gencatlg |
||
| 942 |
_2lcc _cBK |
||
| 999 |
_c298068 _d298068 |
||